Adivinhe a Letra: Pais e Filhos - Statistics

Estatísticas Gerais
  • Esse quiz foi jogado 174 vezes
  • A pontuação média é 152 de 218
Estatísticas das Respostas
ANSWER % Correto
a
97%
e
95%
E
95%
é
95%
É
95%
o
91%
O
91%
se
84%
as
82%
Na
82%
na
82%
pai
82%
que
82%
com
81%
Me
81%
me
81%
de
80%
Como
78%
como
78%
não
78%
Por
78%
por
78%
você
78%
Você
78%
amanhã
76%
amar
76%
filho
75%
houvesse
75%
pais
75%
pessoas
75%
da
74%
parar
74%
preciso
74%
verdade
74%
diz
73%
do
73%
73%
pensar
73%
pra
73%
um
73%
entende
72%
72%
72%
71%
Ela
70%
seus
69%
vai
68%
janela
67%
Mas
67%
Quero
67%
casa
66%
jogou
66%
Meu
66%
meu
66%
Ninguém
66%
ninguém
66%
quinto
66%
andar
65%
Eu
65%
mais
65%
aconteceu
64%
azul
64%
céu
64%
fácil
64%
sabe
64%
tudo
64%
em
63%
entendem
63%
63%
mãe
63%
paredes
63%
Sou
63%
ter
63%
entender
62%
minha
62%
São
62%
d'água
61%
rua
61%
ser
61%
areia
60%
bonito
60%
culpa
60%
filhos
60%
fugir
60%
gota
60%
isso
60%
mundo
60%
Nada
60%
Quando
60%
santo
60%
colo,
59%
crescer?
59%
Explica
59%
grão
59%
moro
59%
nome
59%
vou
59%
crianças
58%
das
58%
grande
58%
os
58%
pintadas
58%
absurdo
57%
aqui
57%
cofres
57%
dormir
57%
medo
57%
uma
57%
Estátuas
56%
Estou
56%
fora
56%
meus
56%
pesadelo
56%
Posso
56%
fúria
55%
tive
55%
vem
55%
vento
55%
visitar
55%
depois
54%
lembro
53%
mim
53%
morei
53%
nem
53%
qualquer
53%
tanta
53%
três
53%
tenho
52%
voltar
52%
agora
51%
lugar
51%
vocês?
51%
conta
50%
lhe
50%
tomam
49%
Dorme
48%
Nenhum quiz correspondente encontrado
Distribuição das Pontuações
Porcentagem de Pessoas com Cada Pontuação
Percentil de Números Respondidos
Sua Pontuação Histórica
Você não jogou esse quiz